[Event "TCh-RUS HL 2019"]
[Site "Sochi RUS"]
[Date "2019.05.05"]
[Round "5.6"]
[Board "1"]
[White "Papin, Vasily"]
[Black "Konovalov, Viatcheslav"]
[Result "1/2-1/2"]
[WhiteTitle "GM"]
[WhiteElo "2468"]
[BlackElo "1941"]
[WhiteTeam "Law Faculty of Moscow State University (Moscow)"]
[BlackTeam "MBU Samara Ladya"]
[WhiteFideId "4143183"]
[BlackFideId "4194772"]
[EventDate "2019.05.01"]

1. c4 e5 2. Nc3 Nf6 3. Nf3 Nc6 4. a3 d5 5. cxd5 Nxd5 6. Qc2 Be7 7. e3 a6 8. Be2
O-O 9. O-O Be6 10. Na4 Qd6 11. b4 b5 12. Nc3 f5 13. Nxd5 Bxd5 14. d3 e4 15. dxe4
fxe4 16. Nd2 Qe6 17. Bb2 Bd6 18. Rae1 Qh6 19. g3 Rae8 20. f4 exf3 21. Bxf3 Bxf3
22. Nxf3 Ne5 23. Nxe5 Rxf1+ 24. Rxf1 Qxe3+ 25. Kg2 Bxe5 26. Rf3 Qh6 27. Qf5 Bf6
28. Bxf6 gxf6 29. Qxf6 Re2+ 30. Kf1 Qxf6 31. Rxf6 Rxh2 32. Rxa6 Rc2 33. Ra5 c6
34. a4 bxa4 35. Rxa4 Kg7 36. Ra5 Rb2 37. Rc5 Rxb4 38. Rxc6 Rb2 39. Rd6 Ra2 40.
Rc6 Rb2 41. Rd6 1/2-1/2

[Event "TCh-RUS HL 2019"]
[Site "Sochi RUS"]
[Date "2019.05.05"]
[Round "5.6"]
[Board "2"]
[White "Tolstykh, Dmitri"]
[Black "Bogachkova, Alena"]
[Result "1/2-1/2"]
[BlackTitle "WFM"]
[WhiteElo "1550"]
[BlackElo "2141"]
[WhiteTeam "MBU Samara Ladya"]
[BlackTeam "Law Faculty of Moscow State University (Moscow)"]
[WhiteFideId "34189154"]
[BlackFideId "24166251"]
[EventDate "2019.05.01"]

1. d4 d5 2. c4 c6 3. e3 Nf6 4. Nf3 e6 5. Nc3 Nbd7 6. cxd5 exd5 7. Bd3 Bd6 8. O-O
O-O 9. e4 dxe4 10. Nxe4 Nxe4 11. Bxe4 Nf6 12. Bg5 h6 13. Bxf6 Qxf6 14. Re1 Bg4
15. h3 Bh5 16. Qb3 Bxf3 17. Bxf3 Qxd4 18. Re4 Qf6 19. Rd1 Rab8 20. Red4 Rfd8 21.
g3 Bc5 22. Rxd8+ Rxd8 23. Rxd8+ Qxd8 24. Qxb7 Qd4 25. Qc8+ Kh7 26. Qf5+ Kg8 27.
Qc8+ Kh7 28. Qf5+ Kg8 29. Qc8+ Kh7 30. Qf5+ Kg8 31. Qc8+ Kh7 32. Qf5+ Kg8 1/2-1/2

[Event "TCh-RUS HL 2019"]
[Site "Sochi RUS"]
[Date "2019.05.05"]
[Round "5.6"]
[Board "3"]
[White "Mamedov, Elmin"]
[Black "Tolstykh, Arina"]
[Result "1-0"]
[WhiteElo "2210"]
[BlackElo "1599"]
[WhiteTeam "Law Faculty of Moscow State University (Moscow)"]
[BlackTeam "MBU Samara Ladya"]
[WhiteFideId "24117331"]
[BlackFideId "34188840"]
[EventDate "2019.05.01"]

1. e4 c5 2. b3 Nc6 3. Bb2 d6 4. f4 Nf6 5. Nc3 g6 6. Nd5 Bg7 7. Nxf6+ Bxf6 8.
Bxf6 exf6 9. Bb5 Bd7 10. Nf3 O-O 11. O-O Re8 12. d3 a6 13. Bc4 Qc7 14. Qd2 Be6
15. f5 Bxc4 16. bxc4 b5 17. Qh6 Qe7 18. Rab1 b4 19. h4 Qf8 20. Qf4 Rad8 21. g4
Qg7 22. Rf2 Rf8 23. Rg2 h6 24. g5 fxg5 25. hxg5 h5 26. f6 Qh8 27. Rd1 Kh7 28. d4
Rfe8 29. dxc5 dxc5 30. Rd5 Qf8 31. Rgd2 Rxd5 32. cxd5 Nd4 33. Nxd4 cxd4 34. d6
Rc8 35. Rxd4 Rxc2 36. d7 Qd8 37. Qd6 Rc3 1-0

[Event "TCh-RUS HL 2019"]
[Site "Sochi RUS"]
[Date "2019.05.05"]
[Round "5.7"]
[Board "1"]
[White "Kardashevskiy, Evgeny"]
[Black "Antonenko, Vladimir"]
[Result "1-0"]
[WhiteTitle "FM"]
[BlackTitle "FM"]
[WhiteElo "2417"]
[BlackElo "2387"]
[WhiteTeam "Altai Territory"]
[BlackTeam "NGTU-NETI (Novosibirsk region)"]
[WhiteFideId "24108138"]
[BlackFideId "24159409"]
[EventDate "2019.05.01"]

1. d4 Nf6 2. Nf3 d5 3. c4 e6 4. Nc3 dxc4 5. e4 Bb4 6. Bg5 c5 7. Bxc4 cxd4 8.
Nxd4 Bxc3+ 9. bxc3 Qa5 10. Nb5 Nxe4 11. Bf4 O-O 12. O-O Nd7 13. Re1 e5 14. Rxe4
exf4 15. Re7 a6 16. Rxf7 axb5 17. Rxf8+ Kxf8 18. Qd6+ Ke8 19. Re1+ Kd8 20. Bf7 1-0

[Event "TCh-RUS HL 2019"]
[Site "Sochi RUS"]
[Date "2019.05.05"]
[Round "5.7"]
[Board "2"]
[White "Bublei, Pavel"]
[Black "Boiarintsev, Vitaly"]
[Result "1-0"]
[WhiteTitle "FM"]
[BlackTitle "FM"]
[WhiteElo "2370"]
[BlackElo "2327"]
[WhiteTeam "NGTU-NETI (Novosibirsk region)"]
[BlackTeam "Altai Territory"]
[WhiteFideId "24112593"]
[BlackFideId "34128384"]
[EventDate "2019.05.01"]

1. d4 Nf6 2. Nf3 c5 3. d5 e6 4. c4 exd5 5. cxd5 d6 6. e4 g6 7. Bd3 Bg7 8. O-O
O-O 9. h3 Na6 10. Nc3 Nc7 11. Re1 Re8 12. a4 b6 13. Bf4 Ba6 14. Bc2 Bb7 15. Qd2
a6 16. Bg5 b5 17. Qf4 b4 18. Ne2 a5 19. Ng3 Rc8 20. Rad1 Rf8 21. Qh4 Nce8 22. e5
dxe5 23. Nxe5 h6 24. Bxh6 Nxd5 25. Bg5 Bf6 26. Ne4 Bxg5 27. Nxg5 Nef6 28. Ng4
Nh5 29. Nh6+ Kg7 30. Nhxf7 Qf6 31. Re6 Rxf7 32. Rxf6 Rxf6 33. Be4 Rd6 34. Bxg6
Kxg6 35. Ne4 Re6 36. Qg4+ 1-0

[Event "TCh-RUS HL 2019"]
[Site "Sochi RUS"]
[Date "2019.05.07"]
[Round "6.1"]
[Board "1"]
[White "Goryachkina, Aleksandra"]
[Black "Rychagov, Andrey"]
[Result "1-0"]
[WhiteTitle "GM"]
[BlackTitle "GM"]
[WhiteElo "2522"]
[BlackElo "2548"]
[WhiteTeam "Yamal (YaNAO)"]
[BlackTeam "Botvinnik School (Moscow)"]
[WhiteFideId "4147103"]
[BlackFideId "4119932"]
[EventDate "2019.05.01"]

1. d4 d5 2. c4 e6 3. Nc3 Nf6 4. cxd5 exd5 5. Bg5 Be7 6. e3 c6 7. Bd3 Nbd7 8. Qc2
O-O 9. Nf3 Re8 10. O-O Nf8 11. h3 Ne4 12. Bf4 Nxc3 13. bxc3 Bd6 14. Bxd6 Qxd6
15. c4 dxc4 16. Bxc4 Be6 17. Bd3 Rac8 18. Ng5 h6 19. Ne4 Qe7 20. Qc5 Qxc5 21.
Nxc5 b6 22. Ne4 Red8 23. Rfc1 Ng6 24. Ba6 Rc7 25. Bc4 Re7 26. Ng3 Rd6 27. a4 Nh4
28. a5 Nf5 29. axb6 axb6 30. Ra8+ Kh7 31. Bd3 1-0

[Event "TCh-RUS HL 2019"]
[Site "Sochi RUS"]
[Date "2019.05.07"]
[Round "6.1"]
[Board "2"]
[White "Novikov, Stanislav"]
[Black "Potapov, Pavel"]
[Result "1-0"]
[WhiteTitle "GM"]
[BlackTitle "GM"]
[WhiteElo "2535"]
[BlackElo "2492"]
[WhiteTeam "Botvinnik School (Moscow)"]
[BlackTeam "Yamal (YaNAO)"]
[WhiteFideId "4125371"]
[BlackFideId "4169786"]
[EventDate "2019.05.01"]

1. c4 e5 2. Nc3 Nf6 3. e3 Nc6 4. a3 g6 5. Nf3 Bg7 6. Be2 O-O 7. d3 d6 8. O-O Re8
9. Qc2 a5 10. Rb1 Be6 11. b4 axb4 12. axb4 h6 13. Bd2 Ne7 14. Ra1 Qd7 15. Ra2
Rxa2 16. Qxa2 b5 17. Qa6 bxc4 18. dxc4 Rb8 19. b5 Qd8 20. Ra1 Nd7 21. Qa3 Nc5
22. e4 f5 23. Be3 Nxe4 24. Nxe4 fxe4 25. Nd2 d5 26. cxd5 Nxd5 27. Nxe4 Nxe3 28.
Qxe3 Qd4 29. Rc1 Qxe3 30. fxe3 Bd7 31. Rc5 Rb7 32. Rd5 Be8 33. Nc5 Rb6 34. Na6
Rb7 35. Rc5 Bf8 36. Rxc7 Rxc7 37. Nxc7 Bf7 38. b6 Bd6 39. Bf3 Kf8 40. Bd5 Be8
41. Kf2 Ke7 42. Kf3 Ba4 43. Be4 Bd1+ 44. Kg3 g5 45. Nb5 Bb8 46. Nc3 Bb3 47. Kg4
Kf6 48. Bd5 Bc2 49. Be4 Bb3 50. Bd5 Bc2 51. Bc4 Bf5+ 52. Kh5 Kg7 53. e4 Bd7 54.
Nd5 Be6 55. Ne3 Bd7 56. Bd5 Be8+ 57. Kg4 Kf6 58. h4 Bd7+ 59. Kh5 gxh4 60. Kxh4
Kg6 61. g4 Bb5 62. Nf5 Bd7 63. Bc6 Be6 64. Be8+ Kh7 65. Kh5 Bxf5 66. exf5 e4 67.
f6 e3 68. Bb5 Bf4 69. b7 Kh8 70. Kg6 Kg8 71. Bc4+ Kf8 72. Bd3 Kg8 73. Be2 Kf8
74. Bc4 1-0

[Event "TCh-RUS HL 2019"]
[Site "Sochi RUS"]
[Date "2019.05.07"]
[Round "6.1"]
[Board "3"]
[White "Belyakov, Bogdan"]
[Black "Makarian, Rudik"]
[Result "1-0"]
[WhiteTitle "IM"]
[BlackTitle "IM"]
[WhiteElo "2460"]
[BlackElo "2348"]
[WhiteTeam "Yamal (YaNAO)"]
[BlackTeam "Botvinnik School (Moscow)"]
[WhiteFideId "24104795"]
[BlackFideId "44105681"]
[EventDate "2019.05.01"]

1. e4 c6 2. d4 d5 3. e5 Bf5 4. Nf3 e6 5. Be2 Nd7 6. O-O f6 7. c4 fxe5 8. cxd5
cxd5 9. Bb5 Bd6 10. dxe5 Bc5 11. Nc3 a6 12. Bd3 Ne7 13. Ng5 O-O 14. Bxf5 Rxf5
15. Nxe6 Bxf2+ 16. Rxf2 Qb6 17. Nf4 Nxe5 18. Ncxd5 Nxd5 19. Qxd5+ Kh8 20. Qe6
Qc5 21. Be3 1-0

[Event "TCh-RUS HL 2019"]
[Site "Sochi RUS"]
[Date "2019.05.07"]
[Round "6.1"]
[Board "4"]
[White "Yeritsyan, Aram"]
[Black "Savitskiy, Sergey"]
[Result "0-1"]
[WhiteTitle "FM"]
[BlackTitle "IM"]
[WhiteElo "2299"]
[BlackElo "2411"]
[WhiteTeam "Botvinnik School (Moscow)"]
[BlackTeam "Yamal (YaNAO)"]
[WhiteFideId "34161047"]
[BlackFideId "24105660"]
[EventDate "2019.05.01"]

1. e4 c5 2. Nf3 d6 3. d4 cxd4 4. Nxd4 Nf6 5. Nc3 a6 6. Nb3 e6 7. g4 b5 8. g5 b4
9. Nd5 Nxe4 10. Be3 Nc5 11. Nxb4 Bb7 12. Rg1 Nbd7 13. Nd3 Nxd3+ 14. Bxd3 Ne5 15.
Be2 Rc8 16. f4 Nc4 17. Bxc4 Rxc4 18. Qd3 Qc7 19. c3 Be4 20. Qe2 Bg6 21. Nd4 Be7
22. f5 Bxf5 23. Nxf5 exf5 24. Rf1 Re4 25. Rxf5 Qd7 26. Rf4 Re5 27. h4 Qe6 28.
Kd2 O-O 29. Qf3 d5 30. b3 Bd6 31. Bd4 Re2+ 32. Qxe2 Bxf4+ 33. Kd1 Qf5 34. b4 h6
35. gxh6 Bxh6 36. a4 Ra8 37. h5 f6 38. b5 Kf7 39. bxa6 Rb8 40. Rc1 Bxc1 41. a7
Rb1 42. Qe8+ Kxe8 43. a8=Q+ Kf7 0-1

[Event "TCh-RUS HL 2019"]
[Site "Sochi RUS"]
[Date "2019.05.07"]
[Round "6.2"]
[Board "1"]
[White "Korneev, Oleg"]
[Black "Drygalov, Sergey"]
[Result "1-0"]
[WhiteTitle "GM"]
[BlackTitle "IM"]
[WhiteElo "2530"]
[BlackElo "2485"]
[WhiteTeam "KPRF (Moscow)"]
[BlackTeam "South Ural (Chelyabinsk region)"]
[WhiteFideId "4156803"]
[BlackFideId "24171743"]
[EventDate "2019.05.01"]

1. e4 c5 2. Nf3 d6 3. d4 cxd4 4. Nxd4 Nf6 5. Nc3 a6 6. Be3 e5 7. Nf3 Be7 8. Bc4
O-O 9. O-O Be6 10. Bb3 b5 11. Re1 Qc8 12. a4 b4 13. Nd5 Nxd5 14. Bxd5 Bxd5 15.
Qxd5 Nd7 16. Qd3 Qc6 17. Nd2 Rfc8 18. Rec1 Nc5 19. Bxc5 Qxc5 20. c4 bxc3 21.
Rxc3 Qd4 22. Qxd4 exd4 23. Rd3 Rc2 24. Rb1 Rb8 25. b3 Bg5 26. Nf3 Rc3 27. Rbd1
Bf6 28. Nxd4 Rxd3 29. Rxd3 Bxd4 30. Rxd4 Rxb3 31. f3 Rb6 32. e5 d5 33. Rxd5 Kf8
34. Rc5 Ke7 35. g4 g5 36. Kf2 Rb2+ 37. Kg3 Rb3 38. Rc6 Re3 39. Rxa6 Rxe5 40.
Ra7+ Kf6 41. h4 gxh4+ 42. Kxh4 Re3 43. Ra5 Ra3 44. Rf5+ Kg6 45. a5 f6 46. Kg3
Ra4 47. Rb5 Kg7 48. g5 Kg6 49. gxf6 Kxf6 50. Rb6+ Kf5 51. Ra6 h5 52. Ra8 h4+ 53.
Kh3 Kg6 54. a6 1-0

[Event "TCh-RUS HL 2019"]
[Site "Sochi RUS"]
[Date "2019.05.07"]
[Round "6.2"]
[Board "2"]
[White "Gutenev, Alexander"]
[Black "Kornev, Alexei"]
[Result "0-1"]
[WhiteTitle "IM"]
[BlackTitle "GM"]
[WhiteElo "2460"]
[BlackElo "2490"]
[WhiteTeam "South Ural (Chelyabinsk region)"]
[BlackTeam "KPRF (Moscow)"]
[WhiteFideId "4195540"]
[BlackFideId "4120949"]
[EventDate "2019.05.01"]

1. e4 c5 2. Nf3 d6 3. d4 cxd4 4. Nxd4 Nf6 5. Nc3 a6 6. h3 g6 7. Be3 Bg7 8. g4
Nc6 9. Bg2 Bd7 10. Qd2 Rc8 11. Nxc6 Bxc6 12. Bh6 Bxh6 13. Qxh6 Qb6 14. O-O-O
Qxf2 15. Rd2 Qc5 16. Rf1 Qe5 17. Rdf2 Kd7 18. Qd2 h6 19. h4 Ke8 20. Nd5 Nxg4 21.
Rxf7 Bxd5 22. exd5 Ne3 23. Re1 Kxf7 24. Rxe3 Qg7 25. Bh3 Rc5 26. Be6+ Ke8 27.
Qb4 Qf6 28. Qa4+ b5 29. Qxa6 Qf1+ 30. Kd2 Qf2+ 31. Re2 Rxc2+ 32. Kxc2 Qxe2+ 33.
Kc1 Qe1+ 34. Kc2 Qe2+ 35. Kc1 Qc4+ 36. Kd2 Kf8 37. h5 Kg7 38. Qa7 Qf4+ 39. Kc3
Qf6+ 40. Kb3 Rf8 41. a3 Qh4 42. Qc7 Rf3+ 43. Kc2 Qe4+ 0-1

[Event "TCh-RUS HL 2019"]
[Site "Sochi RUS"]
[Date "2019.05.07"]
[Round "6.2"]
[Board "3"]
[White "Chernyshov, Konstantin"]
[Black "Drygalov, Andrey"]
[Result "1/2-1/2"]
[WhiteTitle "GM"]
[BlackTitle "IM"]
[WhiteElo "2461"]
[BlackElo "2481"]
[WhiteTeam "KPRF (Moscow)"]
[BlackTeam "South Ural (Chelyabinsk region)"]
[WhiteFideId "4117328"]
[BlackFideId "24171735"]
[EventDate "2019.05.01"]

1. d4 Nf6 2. g3 d5 3. Bg2 c6 4. Nf3 Bf5 5. O-O h6 6. c4 e6 7. Qb3 Qb6 8. Nc3
Nbd7 9. c5 Qxb3 10. axb3 a6 11. b4 Rc8 12. h3 Be7 13. Re1 O-O 14. Ra3 Rfe8 15.
g4 Bh7 16. Bf4 Bd8 17. e3 Bc7 18. Bxc7 Rxc7 19. Ne5 Nxe5 20. dxe5 Nd7 21. f4 g5
22. Rf1 Kg7 23. Ne2 f6 24. exf6+ Nxf6 25. Ng3 e5 26. f5 e4 27. Ne2 Bg8 28. Nd4
Bf7 29. Rf2 Nd7 30. Bf1 Kf6 31. Be2 Ne5 32. Rg2 Rh8 33. Kf2 h5 34. Ra1 hxg4 35.
hxg4 Be8 36. Rgg1 Rch7 37. Rg2 Bd7 38. Rag1 Rb8 39. Ra1 b6 40. cxb6 Rxb6 41. Nc2
Nd3+ 42. Bxd3 exd3 43. Ne1 Rh1 44. Rd1 a5 45. Rxd3 Rxb4 46. Rd2 Rh4 47. Kf3 c5
48. Nd3 Rc4 49. Nf2 Bc6 50. Rg1 Rb4 51. Rc1 c4 52. Kg3 Rb3 53. Rc3 a4 54. e4 Ke5
55. exd5 Bxd5 56. Nh3 a3 57. Rxb3 cxb3 58. bxa3 Rh8 59. Nxg5 Rb8 60. Rb2 Kd4 61.
Kf4 Kc3 62. Rb1 b2 63. Ne6 Ba2 64. Rxb2 Rxb2 65. g5 Re2 66. g6 Bxe6 67. fxe6
Rxe6 68. Kf5 1/2-1/2

[Event "TCh-RUS HL 2019"]
[Site "Sochi RUS"]
[Date "2019.05.07"]
[Round "6.2"]
[Board "4"]
[White "Radzhabov, Rodion"]
[Black "Yagupov, Igor"]
[Result "1/2-1/2"]
[WhiteTitle "FM"]
[BlackTitle "GM"]
[WhiteElo "2406"]
[BlackElo "2391"]
[WhiteTeam "South Ural (Chelyabinsk region)"]
[BlackTeam "KPRF (Moscow)"]
[WhiteFideId "884715"]
[BlackFideId "4113632"]
[EventDate "2019.05.01"]

1. e4 c5 2. Nf3 Nc6 3. Bb5 g6 4. Bxc6 dxc6 5. d3 Bg7 6. h3 Nf6 7. Nc3 Nd7 8. Be3
e5 9. Qd2 h6 10. Ne2 b6 11. O-O-O Nf8 12. g4 a5 13. Ng3 a4 14. Rdg1 Ne6 15. Ne1
Bf6 16. h4 a3 17. b3 Nf4 18. g5 hxg5 19. hxg5 Rxh1 20. Rxh1 Bg7 21. Nf3 Nh3 22.
Ng1 Nxg1 23. Rxg1 Be6 24. Qc3 Qd6 25. Rh1 O-O-O 26. Rh7 Bf8 27. Nf1 Kb7 28. Nd2
b5 29. Nf3 c4 30. bxc4 bxc4 31. Nxe5 cxd3 32. Nxd3 Bxa2 33. Bc5 Qb8 34. Qxa3
Rxd3 35. cxd3 Qf4+ 36. Kd1 Qg4+ 37. Ke1 Qg1+ 38. Ke2 Qg4+ 39. Kf1 Qd1+ 40. Kg2
Qg4+ 41. Kf1 Qd1+ 42. Kg2 Qg4+ 1/2-1/2

[Event "TCh-RUS HL 2019"]
[Site "Sochi RUS"]
[Date "2019.05.07"]
[Round "6.3"]
[Board "1"]
[White "Pogromsky, Mikhail"]
[Black "Triapishko, Alexandr"]
[Result "0-1"]
[WhiteTitle "IM"]
[BlackTitle "IM"]
[WhiteElo "2415"]
[BlackElo "2506"]
[WhiteTeam "Polytechnic (Sverdlovsk region)"]
[BlackTeam "Krym Nash"]
[WhiteFideId "4184688"]
[BlackFideId "14122286"]
[EventDate "2019.05.01"]

1. Nf3 d5 2. d4 Nf6 3. c4 e6 4. e3 b6 5. cxd5 exd5 6. Nc3 Bd6 7. Nb5 Be7 8. Bd3
O-O 9. Ne5 c5 10. O-O c4 11. Bc2 Bb7 12. Nc3 Nc6 13. f4 a6 14. Bd2 b5 15. a3 g6
16. Qf3 Qb6 17. g4 Rad8 18. h4 Ne4 19. Nxe4 dxe4 20. Qg3 Nxd4 21. exd4 Qxd4+ 22.
Be3 Qxb2 23. Qf2 Qc3 24. g5 f6 25. Ng4 fxg5 26. hxg5 Bxg5 27. Rad1 Rxd1 28. Rxd1
h5 29. Rd7 Qa1+ 30. Kg2 Bxf4 31. Bd4 e3+ 32. Rxb7 Qxd4 0-1

[Event "TCh-RUS HL 2019"]
[Site "Sochi RUS"]
[Date "2019.05.07"]
[Round "6.3"]
[Board "2"]
[White "Yeletsky, Ivan"]
[Black "Ozgibcev, Anatoly"]
[Result "1-0"]
[WhiteTitle "FM"]
[WhiteElo "2422"]
[BlackElo "2368"]
[WhiteTeam "Krym Nash"]
[BlackTeam "Polytechnic (Sverdlovsk region)"]
[WhiteFideId "24180327"]
[BlackFideId "4139704"]
[EventDate "2019.05.01"]

1. d4 Nf6 2. c4 d6 3. Nc3 e5 4. Nf3 Nbd7 5. Bg5 Be7 6. e3 c6 7. Qc2 Qc7 8. Bd3
a6 9. O-O h6 10. Bh4 O-O 11. b4 Re8 12. Rfe1 Nh5 13. Bxe7 Rxe7 14. c5 Nhf6 15.
Nh4 Nf8 16. dxe5 Rxe5 17. Nf3 Re8 18. cxd6 Qxd6 19. a3 Bg4 20. Nd4 Rad8 21. Na4
Bh5 22. Nc5 Qc7 23. h3 Bg6 24. Bxg6 Nxg6 25. Nde6 fxe6 26. Qxg6 Rd6 27. Ne4 Qd8 1-0

[Event "TCh-RUS HL 2019"]
[Site "Sochi RUS"]
[Date "2019.05.07"]
[Round "6.3"]
[Board "3"]
[White "Dilmukhametov, Artur"]
[Black "Vastrukhin, Oleg"]
[Result "1/2-1/2"]
[WhiteElo "2353"]
[BlackElo "2404"]
[WhiteTeam "Polytechnic (Sverdlovsk region)"]
[BlackTeam "Krym Nash"]
[WhiteFideId "24179922"]
[BlackFideId "4192770"]
[EventDate "2019.05.01"]

1. e4 g6 2. d4 Bg7 3. Nc3 c6 4. Nf3 d5 5. h3 Nf6 6. Bd3 dxe4 7. Nxe4 Bf5 8.
Nxf6+ Bxf6 9. Bxf5 Qa5+ 10. c3 Qxf5 11. O-O O-O 12. Qb3 Qb5 13. Bg5 Bxg5 14.
Qxb5 cxb5 15. Nxg5 Rd8 16. f4 Nc6 17. f5 Rd5 18. g4 b4 19. h4 bxc3 20. bxc3 Rc8
21. Rf3 f6 22. Ne6 Kf7 23. Re1 b5 24. Kf2 Rd6 25. a3 a5 26. Re4 a4 27. Re1 Na5
28. fxg6+ hxg6 29. Ng5+ Kg8 30. Ne4 Rb6 31. Nc5 Kf7 32. h5 gxh5 33. gxh5 Nb3 34.
Nxb3 axb3 35. Rb1 Rd6 36. Rxb3 Rd5 37. Rh3 Rh8 38. h6 Kg6 39. Rb4 Rxh6 40. Rxh6+
Kxh6 41. a4 bxa4 1/2-1/2

[Event "TCh-RUS HL 2019"]
[Site "Sochi RUS"]
[Date "2019.05.07"]
[Round "6.3"]
[Board "4"]
[White "Derjabin, Ilja"]
[Black "Inozemtsev, Sergei"]
[Result "1/2-1/2"]
[WhiteTitle "IM"]
[WhiteElo "2345"]
[BlackElo "2310"]
[WhiteTeam "Krym Nash"]
[BlackTeam "Polytechnic (Sverdlovsk region)"]
[WhiteFideId "14104768"]
[BlackFideId "24129690"]
[EventDate "2019.05.01"]

1. e4 e6 2. d4 d5 3. Bd3 c5 4. exd5 exd5 5. Nf3 c4 6. Be2 Nf6 7. O-O Be7 8. b3
cxb3 9. axb3 O-O 10. c4 Bg4 11. Nc3 Nc6 12. Ba3 Bxa3 13. Rxa3 Re8 14. h3 Bh5 15.
Ra4 a6 16. Re1 Rc8 17. Ne5 Bxe2 18. Rxe2 dxc4 19. Nxc6 Rxc6 20. Rxe8+ Qxe8 21.
d5 Rc8 22. Rxc4 Rd8 23. d6 h6 24. Rd4 Kh7 25. b4 Qc6 26. Qd3+ Kh8 27. b5 Qc5 28.
bxa6 bxa6 29. Ne4 Qb5 30. Qxb5 axb5 31. Nc3 b4 32. Nb5 b3 33. Rb4 Ne8 34. Rxb3
Nxd6 35. Rd3 Nb7 36. Rc3 Rd7 37. g4 Nd8 38. Rc7 Rd3 39. Kg2 Kg8 40. Rc3 Rd2 41.
Rc8 Kh7 42. Rc7 Kg6 43. Rc4 Ne6 44. Nc7 Nf8 45. Rc6+ Kh7 46. Rc5 Ng6 47. Kg3
Rd3+ 48. f3 Ne7 49. Nb5 Nd5 50. Rc4 Ne3 51. Rc3 Rd5 52. Rxe3 Rxb5 53. Ra3 h5 54.
Ra7 f6 55. Rc7 Kh6 56. gxh5 Rxh5 57. h4 Ra5 58. Rb7 Ra1 59. Rb5 Kg6 60. Rc5 Rh1
61. Ra5 Kh6 62. Rb5 g6 63. Ra5 Rc1 64. Ra6 f5 65. Ra8 Rc4 66. Rh8+ Kg7 67. Rb8
Rd4 68. Ra8 Rd1 69. Kf4 Rg1 70. h5 gxh5 71. Kxf5 h4 72. Ra7+ Kg8 73. f4 h3 74.
Ra8+ Kh7 75. Ra3 Kg7 76. Rxh3 Ra1 77. Rd3 Kf7 78. Rd7+ Ke8 79. Rb7 Ra6 80. Kg5
Kf8 81. f5 Rc6 82. Rh7 Kg8 83. Re7 Kf8 84. Re3 Kf7 85. Rh3 Kg7 86. Ra3 Kf7 87.
Ra7+ Kf8 88. Rd7 Rb6 89. Kf4 Ke8 90. Rd5 Ke7 91. Ke5 Ra6 92. Rb5 Kf7 93. Rb7+
Ke8 94. f6 Ra1 95. Ke6 Re1+ 96. Kf5 Kf8 97. Rb8+ 1/2-1/2

[Event "TCh-RUS HL 2019"]
[Site "Sochi RUS"]
[Date "2019.05.07"]
[Round "6.4"]
[Board "1"]
[White "Zakhartsov, Vladimir"]
[Black "Grishchenko, Sergey1"]
[Result "1-0"]
[WhiteTitle "GM"]
[BlackTitle "IM"]
[WhiteElo "2471"]
[BlackElo "2415"]
[WhiteTeam "Grandmaster Academy / Chess-trans"]
[BlackTeam "Metrum Group (Smolensk region)"]
[WhiteFideId "4145097"]
[BlackFideId "4136730"]
[EventDate "2019.05.01"]

1. d4 d5 2. c4 e6 3. Nc3 c5 4. cxd5 exd5 5. Nf3 Nc6 6. g3 c4 7. Bg2 Bb4 8. O-O
Nge7 9. Ne5 Be6 10. Nxc6 bxc6 11. Bd2 Rb8 12. b3 Qa5 13. Qc1 Qa6 14. Na4 cxb3
15. axb3 Qxe2 16. Bxb4 Rxb4 17. Qc3 Qb5 18. Nc5 Nf5 19. Na6 1-0

[Event "TCh-RUS HL 2019"]
[Site "Sochi RUS"]
[Date "2019.05.07"]
[Round "6.4"]
[Board "2"]
[White "Potapov, Alexey"]
[Black "Glek, Igor"]
[Result "0-1"]
[WhiteTitle "IM"]
[BlackTitle "GM"]
[WhiteElo "2370"]
[BlackElo "2464"]
[WhiteTeam "Metrum Group (Smolensk region)"]
[BlackTeam "Grandmaster Academy / Chess-trans"]
[WhiteFideId "4182138"]
[BlackFideId "4100484"]
[EventDate "2019.05.01"]

1. d4 Nf6 2. c4 g6 3. Nc3 Bg7 4. e4 d6 5. f3 O-O 6. Be3 c5 7. Nge2 Nc6 8. Qd2 a6
9. Rd1 Qa5 10. b3 b5 11. Nd5 b4 12. a4 Nd7 13. Bh6 Bxh6 14. Qxh6 e6 15. Ne3 cxd4
16. Nxd4 Nxd4 17. Rxd4 Qe5 18. Nc2 f5 19. Qe3 fxe4 20. Be2 Bb7 21. fxe4 Nc5 22.
Bf3 a5 23. O-O Rf4 24. g3 Rf7 25. Bg2 Rxf1+ 26. Kxf1 Rf8+ 27. Kg1 Kg7 28. Bh1
Rf7 29. Bg2 h6 30. Bh1 Qg5 31. Qxg5 hxg5 32. Rxd6 Nxb3 33. Nd4 Nxd4 34. Rxd4 e5
35. Rd6 Rc7 36. Bf3 Bc6 37. Bd1 Bxe4 38. Bb3 Bf5 39. Rd5 Bh3 40. Kf2 Rf7+ 41.
Ke2 e4 42. Rxa5 Rf3 43. Bd1 Be6 44. Ke1 Re3+ 45. Kf2 Rc3 46. Re5 Kf6 47. Rxe4 b3
48. Re2 Bg4 49. Rd2 b2 50. Rxb2 Bxd1 51. Rb6+ Kf5 52. Rb5+ Ke4 53. Rxg5 Rc2+ 54.
Kg1 Bf3 55. h3 Ke3 56. g4 Rc1+ 57. Kh2 Kf2 0-1

[Event "TCh-RUS HL 2019"]
[Site "Sochi RUS"]
[Date "2019.05.07"]
[Round "6.4"]
[Board "3"]
[White "Vdovin, Vadim"]
[Black "Konaplev, Anton"]
[Result "1-0"]
[WhiteTitle "FM"]
[BlackTitle "FM"]
[WhiteElo "2361"]
[BlackElo "2314"]
[WhiteTeam "Grandmaster Academy / Chess-trans"]
[BlackTeam "Metrum Group (Smolensk region)"]
[WhiteFideId "24107158"]
[BlackFideId "24165646"]
[EventDate "2019.05.01"]

1. e4 e6 2. d4 d5 3. Nd2 c5 4. Ngf3 Nf6 5. exd5 exd5 6. Bb5+ Bd7 7. Bxd7+ Nbxd7
8. O-O Be7 9. dxc5 Nxc5 10. Nb3 Nxb3 11. axb3 O-O 12. Be3 Qc7 13. c3 Rfe8 14. b4
a6 15. Qd4 Rad8 16. Ra5 h6 17. Rd1 Bd6 18. g3 Re4 19. Qd3 Be7 20. Bd4 Qc6 21.
Bxf6 Qxf6 22. Kg2 Re6 23. Rxd5 Rxd5 24. Qxd5 Rd6 25. Qb3 Rxd1 26. Qxd1 Qc6 27.
Qd3 Bf6 28. Kg1 Qe6 29. Nd2 h5 30. h4 g6 31. Ne4 Be7 32. Qd4 b6 33. Qd3 Qa2 34.
Kg2 a5 35. Qd7 Bf8 36. Nf6+ Kg7 37. Qd4 Qxb2 38. Nxh5+ Kg8 39. Nf6+ Kh8 40. Qd8
Kg7 41. Nd7 Bxb4 42. cxb4 Qxb4 43. Qf6+ Kg8 44. Qxb6 1-0